Statistiques concernant Groupe 5 tu connais les sangs

Cliquez ici pour prendre le quiz!

Statistiques générales

  • Ce quiz a été pris 27 fois
  • Le résultat moyen est 7 sur 15

Statistiques - réponses

QuestionRéponse% Correct
Quel est le club de coeur de Milo ?Montpellier
67%
Comment s'appelle le copain trop fort de Solène qui a eu l'IEP de Bordeaux (pas elle)?Noam
63%
Qui est le plus beau du groupe 5 ???? (question la plus facile du quizz c'est tellement évident)Titouan
63%
Comment s'appelle l'album de Kosta ?0 classik
54%
Dans quel bar Romane a t-elle surperformé au beer pong ?Le Pub st Pierre
54%
Qui est l'idole de Clara ?Inspecteur Gadget
50%
A qui attribue t-on le célèbre dicton: "on est dans un bar PMU"Jon
50%
Dans quelle langue Jon est-il spécialiste ?Arabe
46%
Quelle est la bonne écritureElysa Rispail
46%
Comment s'appelle le pays imaginaire dans lequel Jon est un bouffon ?La républiqua de Titouan
46%
Combien de temps a t-il fallu à Pilou pour se faire accepter par Elisa ?4 ans
42%
Qui est le youtubeur qui a sexualisé Marion jeune ?Farod
42%
Par une citation de quelle auteure Lola a t-elle débutée son discours lors des élections de délégués ?Simone de Beauvoir
42%
Qui a un terrain de tennis dans sa résidence ??????Théo
42%
Lequel d'entre eux n'a jamais été un copain de Marion ?Oriest
33%

Distribution des résultats

Percentile par nombre de réponses

% des personnes avec chaque résultat

Votre développement - résultats

Vous n’avez pas pris ce quiz